| 000 | 00985 a2200241 4500 | ||
|---|---|---|---|
| 003 | Nust | ||
| 005 | 20170207153314.0 | ||
| 010 | _a 87018633 | ||
| 020 | _a0070799466 (set) | ||
| 040 | _cNust | ||
| 082 | 0 | 0 | _a531 |
| 100 | 1 | _aBeer, Ferdinand Pierre, | |
| 245 | 1 | 0 |
_aVector mechanics for engineers / _cFerdinand P. Beer, E. Russell Johnston, Jr. _bstatics / |
| 250 | _a5th ed. | ||
| 260 |
_aNew York : _bMcGraw-Hill, _cc1988- |
||
| 300 |
_axx,474p _bill. (some col.) ; _c24 cm. |
||
| 505 | _aIntroduction (Page-1), Statics Of Particles (Page-16), Rigid Bodies (Page-59), Equilibrium Of Rigid Bodies (Page-122), Distributed Forces (Page-166), Analysis Of Structures (Page-213), Forces In Beams And Cables (Page-266), Friction (Page-304), Method Of Virtual Work (Page-405). | ||
| 538 | _aAlmirah No.16and Shelf No.4 | ||
| 650 | 0 |
_aMechanics, Applied _xProblems, exercises, etc. |
|
| 650 | 0 | _aMechanics, Applied. | |
| 650 | 0 | _aVector analysis. | |
| 700 | 1 |
_aJohnston, E. Russell _d1925- |
|
| 942 |
_2ddc _cBK |
||
| 999 |
_c183837 _d183837 |
||